Responses for Show #9133 - Wednesday, June 26, 2024

Drew Basile game 6.

Contestants

[<< previous game]

Maryl Harris, a study operations manager from Philadelphia, Pennsylvania

Natalie Miliano, a manufacturing engineering manager from Portland, Maine

Drew Basile, a graduate student from Birmingham, Michigan (whose 5-day cash winnings total $91,283)

[next game >>]

Jeopardy! Round responses

AROUND THE WORLD
THEY WROTE THE BOOKS
YOU DON'T HEAR AS MUCH ABOUT...
HATS ON
GRAPPLE SAUCE
IN YOUR DREAMS!
(Ken: With responses made up entirely of the letters in the words "your dreams".)
    $200 26
Norway & Sweden

Drew
    $200 17
Grisham

Maryl
    $200 21
North Carolina

Maryl
    $200 28
a sombrero

Drew
    $200 29
(Natalie: Uh... who is John Cena?)

Dwayne "The Rock" Johnson

DrewNatalie
    $200 30
armor

Maryl
    $400 11
red

Natalie
    $400 16
(Beatrix) Potter

Drew
    $400 20
cold flashes

Drew
    $400 27
a fedora

Maryl
    $400 22
sumo

Natalie
    $400 19
rouse

Maryl
    $600 12
Oktoberfest

Drew
    $600 1
Anne Rice

Maryl
    $600 7
(Maryl: Who are the Daughters of Liberty?)
(Natalie: Who are the Daughters of the Revolution?)

the Founding Mothers

NatalieMaryl
Triple Stumper
    $600 18
(Drew: What is the Churchill?)

a derby

DrewMaryl
    $600 23
Jacob

Drew
    $600 4
(Drew: Um, I don't have it.)

serum

DrewNatalie
    $800 13
Siberia

Natalie
    $800 2
(Ken: That's right, Grey as in Fifty Shades of.)

E.L. James

Drew
    $800 8
Little Ben

Drew
    $1,000 10
(John) Stetson

Maryl
    $800 24
Greco-Roman

Maryl
    $800 5
dreary

Natalie
    $1000 14
Portuguese

Natalie
    $1000 3
Faulkner

Drew
    $1000 9
(Drew: Who is the Queen of Sheba?)

Jezebel

DrewMaryl
    $1000 15
(Natalie: What is a tam?)
...
(Ken: [To Drew] You didn't sound sure; maybe you knew more about the play than the hat? Is that right?)
[Drew points to Ken.]

a glengarry

DrewNatalie
    $1000 25
mud wrestling

Triple Stumper
    $1000 6
ardor

Drew

Scores at the first commercial break (after clue 15):

Drew Natalie Maryl
$3,600 $2,000 $2,000

Scores at the end of the Jeopardy! Round:

Drew Natalie Maryl
$5,000 $2,200 $4,800

Double Jeopardy! Round responses

HISTORIC NAMES
DOUBLE TALK
ELLIS ISLAND
FROM THE GERMAN
SCIENC"E"
(Ken: All responses begin with the letter "E".)
ALL THAT JAZZ
    $400 1
Anne Boleyn

Maryl
    $400 26
(Ken: Yeah, you beat Natalie to the toy clue.)

the yo-yo

Drew
    $400 30
(Drew: Um, um... inspector?)
(Maryl: What is mayor?)
(Ken: Can you be more specific?)

mayor of New York City

DrewMaryl
    $400 21
a poltergeist

Drew
    $400 27
an element

Drew
    $400 28
Armstrong

Natalie
    $800 17
Vancouver

Drew
    $800 25
the can-can

Maryl
    $800 29
(Maryl: What is quarantining?)
...
(Ken: Names were not actually changed at Ellis Island, for the most part.)

names changed

Maryl
Triple Stumper
    $800 22
(Ken: Jawohl.)

achtung

Drew
    $800 23
equilibrium

Drew
    $800 24
riff

Triple Stumper
    $3,000 3
Augustus

Drew
    $1200 13
Gigi

Drew
    $1200 11
(Ken: This is Bob "the Ellis Island's library is named for me" Hope.)

Bob Hope

Triple Stumper
    $1200 10
Autobahn

Maryl
    $1200 5
excited

Maryl
    $1200 2
Parker

Drew
    $1600 4
the Tang Dynasty

Triple Stumper
    $1600 14
mahi-mahi

Drew
    $1600 12
(Maryl: What are... the lungs?)

the eye

Maryl
Triple Stumper
    $3,000 18
ersatz

Drew
    $1600 8
electrolytes

Natalie
    $1600 6
"Mack The Knife"

Maryl
    $2000 16
Imhotep

Triple Stumper
    $2000 15
Bora Bora

Natalie
    $2000 20
anarchism

Maryl
    $2000 19
kaput

Maryl
    $2000 9
an ectotherm

Drew
    $2000 7
(Maryl: Who is Ellington?)

Cab Calloway

Maryl
Triple Stumper

Scores at the end of the Double Jeopardy! Round:

Drew Natalie Maryl
$20,200 $6,200 $10,000
(lock game)

[wagering suggestions for these scores]

Final Jeopardy! Round responses

LITERATURE
(Ken: [To Maryl] You've got the right movement; it is a Romantic, but it's not Coleridge, I'm afraid.)
...
(Ken: What's poem. Drew? Do you know?)
(Drew: Ozymandias.)
(Ken: That is right, "My name is Ozymandias, king of kings.)
NatalieWho is Blake?
$1,500
MarylWho is Coleridge?
$3,799
DrewWho is Percy Bysshe Shelley?
$118
(Percy Bysshe) Shelley

Final scores:

Drew Natalie Maryl
$20,318 $4,700 $6,201
6-day champion: $111,601 3rd place: $2,000 2nd place: $3,000

Game dynamics:

Coryat scores:

Drew Natalie Maryl
$17,000 $6,200 $9,800
24 R
(including 2 DDs),
4 W
9 R,
3 W
18 R
(including 1 DD),
4 W

Combined Coryat: $33,000

[game clues] [game scores] [suggest correction]

Game tape date: 2024-05-14
The J! Archive is created by fans, for fans. Scraping, republication, monetization, and malicious use prohibited; this site may use cookies and collect identifying information. See terms. The Jeopardy! game show and all elements thereof, including but not limited to copyright and trademark thereto, are the property of Jeopardy Productions, Inc. and are protected under law. This website is not affiliated with, sponsored by, or operated by Jeopardy Productions, Inc. Join the discussion at JBoard.tv.